Quiz Football : Devine les joueurs - Partie difficile 4 - Statistiques

Statistiques générales
  • Ce quiz a été pris 160 fois
  • Le résultat moyen est 6 sur 16
Statistiques - réponses
Par images Réponse % Correct
Simon Mignolet
90%
Clinton Njie
88%
Davide Zappacosta
65%
Fabian Delph
47%
Sergio Canales
46%
Morgan Amalfitano
42%
Milan Biševac
40%
Fernando Llorente
38%
Yevhen Konoplyanka
27%
Jérémy Clément
23%
Cheik Tioté
16%
Moanes Dabour
16%
Diego Contento
12%
El-Hadji Diouf
10%
Phil Jagielka
9%
Nicolas Raskin
8%
Aucun quiz correspondant
Distribution des résultats
% des personnes avec chaque résultat
Percentile par nombre de réponses
Votre historique - résultats
Vous n’avez pas pris ce quiz